000
00332nam a22001217a 4500
999
_c
1779
_d
1779
005
20200903135640.0
008
200903b ||||| |||| 00| 0 eng d
020
_a
0719529166
040
_c
CML
245
_a
Success in Investment.
_c
Roots, P.
260
_a
London
_b
John Murray
_c
1974
942
_2
ddc
_c
BK
_h
658.15
_m
ROO